Statistics for Monarchs of Europe in 1815

Click here to take the quiz!

General Stats

  • This quiz has been taken 266 times
  • The average score is 36 of 62

Answer Stats

CountryName% Correct
Hesse-DarmstadtLouisI
88%
Anhalt-KöthenLouis Augustus
88%
AndorraLouisXVIII
87%
FranceLouisXVIII
87%
Waldeck-PyrmontGeorgeII
86%
United KingdomGeorgeIII
86%
HanoverGeorgeIII
86%
Schaumburg-LippeGeorge William
86%
Hesse-KasselWilliamI
83%
OldenburgWilliamI
83%
SwedenCharlesXIII
82%
NorwayCharlesII
82%
NetherlandsWilliamI
80%
LuxembourgWilliamI
80%
AustriaFrancisI
78%
Mecklenburg-StrelitzCharlesII
77%
BadenCharles
77%
BrunswickCharlesII
77%
Saxe-Weimar-EisenachCharles Augustus
77%
Saxe-HildburghausenFrederick
76%
WürttembergFrederickI
76%
Hohenzollern-HechingenFrederick
76%
Hesse-HomburgFrederickV
76%
SaxonyFrederick AugustusI
76%
NassauFrederick Augustus
76%
Mecklenburg-SchwerinFrederick FrancisI
76%
Schwarzburg-RudolstadtFrederick Günther
76%
PrussiaFrederick WilliamIII
76%
HolsteinFrederickIX
72%
Saxe-LauenburgFrederickI
72%
DenmarkFrederickVI
72%
RussiaAlexanderI
71%
SpainFerdinandVII
64%
TuscanyFerdinandIII
62%
NaplesFerdinandIV
62%
SicilyFerdinandIII
62%
ModenaFrancisIV
56%
SardiniaVictor EmmanuelI
55%
Reuss-LobensteinHenryLIV
54%
Reuss-GreizHenryXIII
54%
Reuss-GeraHenryXLII
54%
Reuss-EbersdorfHenryLI
54%
Papal StatesPiusVII
47%
MontenegroPetarI
46%
ParmaMarie Louise
37%
Saxe-Gotha-AltenburgAugustus
35%
PortugalMariaI
33%
MassaMaria Beatrice
33%
BavariaMaximilianI
30%
Anhalt-DessauLeopoldIII
29%
LippeLeopoldII
29%
LiechtensteinJohannI
23%
Ottoman EmpireMahmudII
15%
Schwarzburg-SondershausenGünther Frederick Charles
13%
Saxe-Coburg-SaalfeldErnestIII
12%
MonacoHonoréIV
12%
Hohenzollern-SigmaringenAnton Aloys
10%
Saxe-MeiningenBernhardII
8%
Anhalt-BernburgAlexius Friedrich Christian
7%
AndorraFrancesc Antoni
6%
KabardiaJankhotII
5%
CircassiaKizbech
5%

Score Distribution

Percentile by Number Answered

Percent of People with Each Score

Your Score History

You have not taken this quiz